[Event "Eastern Asia-ch zt 3.3 (Women)"]
[Site "Ulaanbaatar"]
[Date "2019.04.07"]
[Round "1"]
[White "Ulziikhishigjargal, Ochirkhuyag"]
[Black "Anujin, Bat Amgalan"]
[Result "1-0"]
[WhiteElo "1843"]
[BlackElo "1407"]
[PlyCount "65"]
[EventDate "2019.04.07"]
[EventType "swiss"]
[EventRounds "9"]
[EventCountry "MGL"]
[SourceTitle "CBM 189 Extra"]
[Source "ChessBase"]
[SourceDate "2019.06.03"]
[SourceVersion "1"]
[SourceVersionDate "2019.06.03"]
[SourceQuality "1"]

1. e4 e6 2. d4 d5 3. Nd2 Nf6 4. e5 Nfd7 5. Bd3 c5 6. c3 Nc6 7. Ne2 cxd4 8. cxd4 f6 9. exf6 Nxf6 10. 0-0 Bd6 11. Nf3 Qc7 12. Bg5 0-0 13. Rc1 e5 14. dxe5 Bxe5 15. Nc3 Bxc3 16. Rxc3 Bg4 17. Be2 Rad8 18. h3 Bh5 19. Re1 d4 20. Nxd4 Qa5 21. Bxh5 Nxd4 22. Bxf6 Rxf6 23. Re8+ Rxe8 24. Bxe8 Qe5 25. Re3 Qd6 26. Ba4 Qb4 27. Re4 Rd6 28. Re8+ Kf7 29. Qh5+ Rg6 30. Qd5+ Ne6 31. Qd7+ Kf6 32. Rxe6+ Kg5 33. Qd5+ 1-0